Statistics for Best Running Backs of each Decade

Click here to take the quiz!

General Stats

  • This quiz has been taken 38 times
  • The average score is 29 of 39

Answer Stats

DecadeTeamPlayer% Correct
2010'sMINAdrian Peterson
97%
1990'sDETBarry Sanders
97%
2000'sLACLaDainian Tomlinson
94%
1990'sDALEmmitt Smith
89%
2010'sSFFrank Gore
89%
1980'sCHIWalter Payton
89%
1970'sCHIWalter Payton
89%
1980'sLAREric Dickerson
86%
2010'sSEAMarshawn Lynch
86%
1970'sBUFO.J. Simpson
86%
1990'sPITJerome Bettis
83%
1960'sCLEJim Brown
83%
2010'sPHILeSean McCoy
83%
1980'sOAKMarcus Allen
77%
1990'sDENTerrell Davis
77%
1980'sTENEarl Campbell
74%
2010'sPITLe'Veon Bell
74%
2000'sSEAShaun Alexander
74%
2000'sNYGTiki Barber
74%
2010'sKCJamaal Charles
71%
1990'sINDMarshall Faulk
71%
2000'sLARMarshall Faulk
71%
1990'sBUFThurman Thomas
71%
2010'sHOUArian Foster
69%
1990'sNYJCurtis Martin
69%
1970'sPITFranco Harris
69%
1970'sMIALarry Csonka
69%
2010'sDALDeMarco Murray
66%
2000'sINDEdgerrin James
66%
1960'sCHIGale Sayers
63%
2000'sBALJamal Lewis
63%
2010'sNOMark Ingram
63%
1980'sDALTony Dorsett
63%
2000'sWASClinton Portis
60%
2010'sCHIMatt Forte
60%
2000'sJAXFred Taylor
57%
2000'sGBAhman Green
54%
2000'sCINCorey Dillon
54%
1980'sSFRoger Craig
51%

Score Distribution

Percentile by Number Answered

Percent of People with Each Score

Your Score History

You have not taken this quiz